00794nam a2200241Ia 450000500170000000800410001702000150005808200160007310000370008924500740012625000180020030000480021865000330026665000450029965000330034494200150037726400220039233600270041433700330044133800280047404000350050299900150053720220317001357.0161108s9999 mx a g 000 0 spa  a964246610504a794.1bI71n1 aIsarrarás Gutiérrez, Jesús14aLos niños también juegan ajedrezcJesús Isarrarás Gutiérrez a1a. edición a31 páginasbilustraciones en colorc27 cm142LEMBaAjedrez xEnseñanza 142LEMBaAjedrez xEstrategia y técnicas 142LEMBaJuegos de estrategias  2ddccBKINF aMéxicobTrillas atextobtxt2rdacontent asin mediaciónbn2rdamedia avolumenbnc2rdacarrier aCO-BoRNBPbspaerdacCO-BoRNBP c6785d6785